[Event "26th Bosnjaci Open 2022"]
[Site "Bosnjaci"]
[Date "2022.01.07"]
[Round "7.7"]
[White "Zadravec, Matija"]
[Black "Abdil, Halil"]
[Result "1-0"]
[WhiteElo "2249"]
[BlackElo "2117"]
[Annotator "ChessBase"]
[PlyCount "101"]
[EventDate "2022.01.03"]
[EventType "swiss"]
[EventCountry "CRO"]
[SourceTitle "playchess.com"]
[Source "ChessBase"]
[SourceQuality "1"]
[TimeControl "5400+30"]

1. e4 c5 2. Nf3 d6 3. c3 Nf6 4. Be2 g6 5. O-O Bg7 6. Qc2 Qc7 7. d3 O-O 8. a4 e5 9. Bg5 h6 10. Bh4 g5 11. Bg3 Nh5 12. Na3 f5 13. Nd2 Qf7 14. exf5 Bxf5 15. Ne4 Nxg3 16. Nxg3 Nc6 17. Nxf5 Qxf5 18. Nc4 Rad8 19. Ne3 Qf7 20. Bf3 Kh8 21. Bd5 Qg6 22. a5 a6 23. Be4 Qf7 24. Nd5 Ne7 25. Nxe7 Qxe7 26. c4 Qc7 27. Rfb1 Rb8 28. b4 b5 29. axb6 Rxb6 30. bxc5 Qxc5 31. Rxb6 Qxb6 32. g3 Rf7 33. Kg2 Bf8 34. Ra2 Be7 35. Qe2 Bd8 36. Qh5 Rf6 37. Qe8+ Kg7 38. Bd5 Rf8 39. Qd7+ Kh8 40. Qe6 Bf6 41. Be4 Kg7 42. Qf5 Kf7 43. Qh7+ Bg7 44. Bd5+ Kf6 45. g4 a5 46. Qf5+ Ke7 47. Qe6+ Kd8 48. c5 Qxc5 49. Rb2 e4 50. Rb8+ Kc7 51. Rb7+ 1-0

[Event "26th Bosnjaci Open 2022"]
[Site "Bosnjaci"]
[Date "2022.01.07"]
[Round "7.8"]
[White "Sipic, Hrvoje"]
[Black "Kovac, Petar"]
[Result "1/2-1/2"]
[WhiteElo "2221"]
[BlackElo "2070"]
[Annotator "ChessBase"]
[PlyCount "124"]
[EventDate "2022.01.03"]
[EventType "swiss"]
[EventCountry "CRO"]
[SourceTitle "playchess.com"]
[Source "ChessBase"]
[SourceQuality "1"]
[TimeControl "5400+30"]

1. d4 d5 2. Bf4 Nf6 3. Nf3 c5 4. e3 Nc6 5. Be2 e6 6. c3 Bd6 7. Bg5 h6 8. Bh4 O-O 9. Nbd2 b6 10. O-O Bb7 11. a4 a6 12. Qb3 g5 13. Bg3 Bxg3 14. hxg3 Qc7 15. Rac1 c4 16. Qc2 Rad8 17. Nh2 Ne7 18. Rce1 Nf5 19. Ng4 Nxg4 20. Bxg4 Nd6 21. Bh5 Ne4 22. Nf3 f6 23. Nh2 Qg7 24. Rb1 e5 25. b3 Nd6 26. Be2 b5 27. bxc4 dxc4 28. axb5 axb5 29. f3 exd4 30. exd4 Kh8 31. Kf2 Rfe8 32. Ng4 f5 33. Ne5 Rxe5 34. dxe5 Qxe5 35. Rh1 Be4 36. Qc1 Kg7 37. Ra1 Re8 38. Qe3 f4 39. gxf4 gxf4 40. Qd2 Qc5+ 41. Qd4+ Qxd4+ 42. cxd4 Bc2 43. Ra7+ Kg6 44. Ra6 Re6 45. Kf1 Kg5 46. d5 Rf6 47. Rb6 Nf5 48. Rxb5 Ng3+ 49. Kg1 Nxe2+ 50. Kf2 Nd4 51. Rc5 Bd3 52. d6+ Nf5 53. d7 Rd6 54. Rc7 Ne3 55. Ra1 Nd5 56. Ra5 Bf5 57. Rcc5 Ne3 58. g4 Rd2+ 59. Ke1 Rd1+ 60. Ke2 Rxd7 61. gxf5 c3 62. Rxc3 Nxf5 1/2-1/2

[Event "26th Bosnjaci Open 2022"]
[Site "Bosnjaci"]
[Date "2022.01.07"]
[Round "7.9"]
[White "Tomas, Ante"]
[Black "Vidovic, Sasa"]
[Result "0-1"]
[WhiteElo "2122"]
[BlackElo "2206"]
[Annotator "NA"]
[PlyCount "60"]
[EventDate "2022.01.03"]
[EventType "swiss"]
[EventCountry "CRO"]
[SourceTitle "playchess.com"]
[Source "ChessBase"]
[SourceQuality "1"]
[TimeControl "5400+30"]

1. e4 d6 2. d4 Nf6 3. Nc3 c6 4. f4 Qa5 5. Bd3 e5 6. Nf3 Bg4 7. Be3 Nbd7 8. O-O Be7 9. h3 Bh5 10. Qe1 Bxf3 11. Rxf3 O-O 12. Kh2 Qc7 13. Ne2 d5 14. dxe5 dxe4 15. exf6 Nxf6 16. Bxe4 Nxe4 17. Nc3 Nf6 18. Bd4 Rfe8 19. Qf2 Rad8 20. Rd1 b6 21. Be5 Qc8 22. Rfd3 Rxd3 23. Rxd3 Qe6 24. Qd2 h5 25. Qe2 Bb4 26. Qf3 Bxc3 27. Rd6 Qxe5 28. fxe5 Bxe5+ 29. Kg1 Bxd6 30. Qxc6 Bg3 0-1

[Event "26th Bosnjaci Open 2022"]
[Site "Bosnjaci"]
[Date "2022.01.07"]
[Round "7.10"]
[White "Dutina, Dario"]
[Black "Tukovic, Dario"]
[Result "0-1"]
[WhiteElo "2197"]
[BlackElo "2017"]
[Annotator "ChessBase"]
[PlyCount "132"]
[EventDate "2022.01.03"]
[EventType "swiss"]
[EventCountry "CRO"]
[SourceTitle "playchess.com"]
[Source "ChessBase"]
[SourceQuality "1"]
[TimeControl "5400+30"]

1. e4 e5 2. Nf3 Nc6 3. Bc4 Bc5 4. c3 Nf6 5. d3 d6 6. O-O a6 7. Bg5 h6 8. Bh4 g5 9. Bg3 Bg4 10. Nbd2 Ne7 11. b4 Bb6 12. Qb3 O-O 13. Rfe1 Ng6 14. h3 Bd7 15. d4 Nh5 16. Kh1 Nxg3+ 17. fxg3 h5 18. dxe5 dxe5 19. Rf1 Qe7 20. Ne1 g4 21. Rf5 Kg7 22. Nd3 Bxf5 23. exf5 Nh8 24. Re1 Qg5 25. f6+ Qxf6 26. Rf1 Qe7 27. Ne4 f5 28. Nec5 Rf6 29. Ne6+ Kh6 30. h4 Re8 31. Ng5 Be3 32. Re1 f4 33. a4 Qd7 34. b5 axb5 35. axb5 Rd6 36. Qc2 Qf5 37. Qe2 Re7 38. Rf1 Red7 39. Qxe3 fxe3 40. Rxf5 Rxd3 41. Bxd3 Rxd3 42. Rxe5 Ng6 43. Re8 Rxc3 44. Kg1 Rc1+ 45. Kh2 Re1 46. Rc8 e2 47. Re8 c5 48. Nf7+ Kg7 49. Nd6 Rd1 50. Rxe2 Rxd6 51. b6 Rxb6 52. Re8 Rb2 53. Rc8 b6 54. Rc6 Ne7 55. Rc7 Kf6 56. Rb7 c4 57. Rc7 Rc2 58. Rb7 Rb2 59. Rc7 b5 60. Rc5 Ke6 61. Rxh5 b4 62. Rc5 c3 63. h5 Ra2 64. h6 Ra8 65. Rc4 Nd5 66. Kg1 b3 0-1

[Event "26th Bosnjaci Open 2022"]
[Site "Bosnjaci"]
[Date "2022.01.07"]
[Round "7.11"]
[White "Boban, Sten"]
[Black "Miletic, Josip"]
[Result "0-1"]
[WhiteElo "2079"]
[BlackElo "2161"]
[Annotator "TA"]
[PlyCount "150"]
[EventDate "2022.01.03"]
[EventType "swiss"]
[EventCountry "CRO"]
[SourceTitle "playchess.com"]
[Source "ChessBase"]
[SourceQuality "1"]

{[%evp 9,150,71,87,83,91,100,92,81,104,117,121,112,117,-48,-52,-47,-41,-53,-56,-41,-40,-49,17,8,0,4,15,0,0,-56,-45,-56,-56,-56,-52,-71,-70,-68,-52,-101,-95,-106,-55,-78,-83,-73,-62,-123,-132,-152,-95,-103,-92,-130,-127,-124,-124,-139,-129,-129,-129,-130,-125,-201,-174,-751,-753,-734,-682,-641,-462,-445,-442,-360,-78,-78,-78,-405,-405,-491,-482,-459,-358,-339,-333,-1686,-1246,-4622,-4627,-4618,-2970,-5435,-472,-29981,-29982,-29982,-5949,-29983,-5447,-4947,-971,-836,-943,-951,-766,-903,-854,-813,-702,-1581,-1218,-1410,-1194,-1674,-1372,-1291,-719,-2532,-1589,-2273,-2430,-1939,-1111,-7046,-1517,-2678,-1618,-29981,-1037,-29979,-29978,-29979,-29979,-29977,0,-29978,-29979,-29979,-29980,-29986,-29987,-29987,-29988]} 1. d4 g6 2. e4 Bg7 3. Nf3 d6 4. h3 Nh6 5. Nc3 f6 6. Bc4 {[%cal Oe4e5] B06: Modern Defence.} Nf7 {Prevents e5.} 7. Be3 c6 {[#]} 8. d5 $146 {White is better.} ({Predecessor:} 8. Qd2 b5 9. Bxf7+ Kxf7 10. O-O g5 11. Nh2 h5 12. f4 g4 13. h4 f5 14. g3 {0-1 (25) Velandia Rojas,D (1627)-Vargas Arteaga,A (2303) Bucaramanga 2016}) 8... Nd7 9. dxc6 bxc6 10. Nd4 $1 Nde5 11. Nxc6 $2 Nxc6 $15 12. Bxf7+ ({Don't blunder} 12. Qd5 $2 Nfe5 13. Bb5 Qc7 $19) 12... Kxf7 13. Qd5+ Be6 14. Qxc6 Qa5 15. Qa4 Qc7 (15... Qxa4 $15 16. Nxa4 Rhc8) 16. O-O $11 Rhb8 17. Rab1 a5 18. Qd4 f5 19. Qd2 {[#]} (19. Qd1 $1 $11) 19... Rxb2 $1 $15 20. exf5 {[#]} gxf5 21. Rxb2 Bxc3 {A strong pair of Bishops.} 22. Qc1 {[%cal Ob2b3]} Bxb2 {Black is more active.} 23. Qxb2 Qc4 ({But not} 23... Rb8 24. Qd4 $11) 24. a3 (24. Rd1 $15 {is superior.}) 24... f4 $17 25. Bd4 f3 (25... Rg8 $17 {...Qe2 is the strong threat.} 26. f3 Bxh3) 26. Qc3 Qxc3 27. Bxc3 {[%mdl 4096] Endgame KRB-KRB} Rg8 {[%csl LRg2,LRh3]} 28. g3 (28. g4 $15) 28... Bxh3 29. Re1 Rg5 ({Better is} 29... Bg2 30. Re4 Rg5) 30. Re4 Bg2 31. g4 h5 32. Kh2 hxg4 33. Kg3 Rc5 34. Bd2 Rxc2 35. Bxa5 Bh3 36. Bb6 (36. Bb4 $17) 36... e5 $19 37. a4 $2 (37. Re1) 37... Rc1 38. a5 Rg1+ 39. Kh2 Ra1 40. Kg3 Ke6 41. Rc4 Bf1 $2 (41... Kf5 $19 {Hoping for ...d5.} 42. Rc8 d5 43. Rf8+ Ke4) 42. Rxg4 $17 Be2 43. Rb4 $2 {[%mdl 8192]} (43. Rg6+ $17 {is tougher.} Kd5 44. Rf6) 43... d5 $19 {[%cal Bd6d5,Bd5d4,Bd4d3][%mdl 32]} 44. Rh4 d4 {Strongly threatening ...Rg1+.} 45. Rh6+ Kf5 46. Rh5+ Kf6 $1 47. Bc7 $2 (47. Bd8+ Ke6 48. a6) 47... Rg1+ 48. Kh2 Rg2+ 49. Kh1 d3 {( -> ...d2)} 50. Rh6+ Ke7 (50... Kg5 $142 51. Rd6 Rxf2) 51. Rd6 (51. Bb6 $19 d2 52. Bc5+ Kf7 53. Rd6 d1=Q+ 54. Rxd1 Bxd1 55. a6) 51... Rxf2 52. Rd5 Rf1+ 53. Kh2 {[#]} Ra1 (53... Rh1+ $142 $3 {[%mdl 512]} 54. Kg3 Rg1+ 55. Kf2 Rg2+ 56. Ke3 f2 57. Rxe5+ Kd7 58. Bb8 f1=Q 59. Rd5+ Kc8 60. Bf4 Qf3+ 61. Kd4 Qxf4+ 62. Kc3 Qc1+ 63. Kd4 Rg4+ 64. Ke5 Qf4+ 65. Ke6 Rg6+ 66. Ke7 Qf6+ 67. Ke8 Rg8#) 54. Bb6 e4 (54... Ra2 $142 55. Rxe5+ Kd6) 55. Kg3 Ra2 56. Be3 {Prevents d2.} Ke6 57. Rd8 Rxa5 {Threatens to win with ...Rd5.} 58. Kf2 Ra4 59. Bd2 Bd1 {And now ...Ra2 would win.} 60. Ke3 Bb3 {White must now prevent ...Ra2.} 61. Rf8 Bd5 62. Rh8 Bc6 63. Rh6+ Kd5 64. Rh5+ Kc4 65. Rh6 Bd5 66. Rb6 Kc5 67. Rb8 Bc6 68. Rc8 Rc4 (68... Ra2 $142 69. Rb8 {[#]} Rxd2 $1 {[%mdl 512]} 70. Kxd2 f2 71. Rb1 Kd4 72. Rb4+ Ke5 73. Rb1 Kf4 74. Kc3 e3 75. Rf1 e2 76. Rxf2+ Ke3 77. Rh2 e1=Q+ 78. Kc4 Qc1+ 79. Kb4 Qb1+ 80. Kc4 Qb5+ 81. Kc3 d2 82. Rh3+ Bf3 83. Rxf3+ Kxf3 84. Kc2 Qb4 85. Kd1 Qd4 86. Kc2 d1=Q#) 69. Rf8 Rc2 70. Rf5+ Bd5 71. Rf8 Bc6 72. Rf5+ Kc4 {Black mates.} 73. Rf6 Bd5 74. Rf5 {[#]} Rxd2 $1 75. Kxd2 Kd4 {Weighted Error Value: White=0.91/Black=0.41} 0-1

[Event "26th Bosnjaci Open 2022"]
[Site "Bosnjaci"]
[Date "2022.01.07"]
[Round "7.12"]
[White "Caric, Mato"]
[Black "Sadikovic, Jasmin"]
[Result "1-0"]
[WhiteElo "2029"]
[BlackElo "2134"]
[Annotator "ChessBase"]
[PlyCount "59"]
[EventDate "2022.01.03"]
[EventType "swiss"]
[EventCountry "CRO"]
[SourceTitle "playchess.com"]
[Source "ChessBase"]
[SourceQuality "1"]
[TimeControl "5400+30"]

1. e4 c5 2. Nf3 d6 3. d4 cxd4 4. Nxd4 Nf6 5. Nc3 a6 6. f3 e5 7. Nb3 Be6 8. Be3 Be7 9. Qd2 Nbd7 10. g4 b5 11. g5 Nh5 12. Nd5 Bxd5 13. exd5 O-O 14. O-O-O Qc7 15. Na5 Rfc8 16. Nc6 Bf8 17. Bh3 g6 18. Bg4 Ng7 19. h4 Nf5 20. Bxf5 gxf5 21. Qd3 f4 22. Bf2 Nb8 23. h5 Nxc6 24. dxc6 Qxc6 25. g6 Qc4 26. Qf5 e4 27. gxh7+ Kh8 28. Bd4+ Bg7 29. Bxg7+ Kxg7 30. Rhg1+ 1-0

[Event "26th Bosnjaci Open 2022"]
[Site "Bosnjaci"]
[Date "2022.01.07"]
[Round "7.13"]
[White "Lazic, Emanuel"]
[Black "Jelecevic, Ivo"]
[Result "0-1"]
[WhiteElo "1995"]
[BlackElo "2136"]
[Annotator "ChessBase"]
[PlyCount "98"]
[EventDate "2022.01.03"]
[EventType "swiss"]
[EventCountry "CRO"]
[SourceTitle "playchess.com"]
[Source "ChessBase"]
[SourceQuality "1"]
[TimeControl "5400+30"]

1. e4 c5 2. Nf3 e6 3. d4 cxd4 4. Nxd4 Nc6 5. Nc3 Qc7 6. Ndb5 Qb8 7. Be3 a6 8. Bb6 axb5 9. Nxb5 Bb4+ 10. c3 Ba5 11. Nc7+ Qxc7 12. Bxc7 Bxc7 13. Qg4 g6 14. Qh4 Nge7 15. Qh6 Ra5 16. Be2 d5 17. b4 Be5 18. O-O Ra8 19. Rfc1 dxe4 20. b5 Nf5 21. Qg5 Nce7 22. g4 h6 23. Qd2 Nh4 24. Rab1 Nd5 25. Rc2 h5 26. Rd1 Ke7 27. c4 Nf4 28. Qe3 Nxe2+ 29. Rxe2 Nf3+ 30. Kg2 hxg4 31. Rh1 f5 32. c5 Bd4 33. Qf4 e5 34. Qc1 Be6 35. c6 b6 36. c7 Bd5 37. h4 Kd7 38. Rc2 e3 39. Kg3 exf2 40. c8=Q+ Raxc8 41. Rxc8 Rxc8 42. Qh6 Rh8 43. Qc1 Rc8 44. Qh6 Rc3 45. Qg7+ Kc8 46. Qf8+ Kb7 47. Qe7+ Rc7 48. Qa3 Ng1 49. Qa6+ Kb8 0-1

[Event "26th Bosnjaci Open 2022"]
[Site "Bosnjaci"]
[Date "2022.01.07"]
[Round "7.15"]
[White "Grguric, Stjepan-Kresimir"]
[Black "Drmic, Bozo"]
[Result "1-0"]
[WhiteElo "2107"]
[BlackElo "1949"]
[Annotator "NA"]
[PlyCount "61"]
[EventDate "2022.01.03"]
[EventType "swiss"]
[EventCountry "CRO"]
[SourceTitle "playchess.com"]
[Source "ChessBase"]
[SourceQuality "1"]
[TimeControl "5400+30"]

1. e4 c5 2. Nf3 Nc6 3. d4 cxd4 4. Nxd4 e5 5. Nxc6 bxc6 6. Bc4 Nf6 7. Qe2 Bc5 8. O-O O-O 9. Bg5 h6 10. Bh4 g5 11. Bg3 d6 12. Nc3 Qa5 13. Kh1 Rb8 14. Qf3 Kg7 15. Bb3 Rb4 16. Rfe1 Bg4 17. Qd3 Rd4 18. Qf1 Nh5 19. h3 Bc8 20. Qe2 Kg6 21. Qf3 Nf4 22. Rad1 h5 23. Bxf4 exf4 24. Rxd4 Bxd4 25. Rd1 Be5 26. Ne2 Qb6 27. c3 g4 28. Nxf4+ Kg5 29. h4+ Kxh4 30. g3+ Kg5 31. Qe2 1-0

[Event "26th Bosnjaci Open 2022"]
[Site "Bosnjaci"]
[Date "2022.01.08"]
[Round "8.1"]
[White "Tica, Sven"]
[Black "Kovacevic, Blazimir"]
[Result "1/2-1/2"]
[WhiteElo "2419"]
[BlackElo "2399"]
[Annotator "TA"]
[PlyCount "67"]
[EventDate "2022.01.03"]
[EventType "swiss"]
[EventCountry "CRO"]
[SourceTitle "playchess.com"]
[Source "ChessBase"]
[SourceQuality "1"]

{[%evp 25,67,17,30,29,45,35,39,47,36,44,80,74,74,72,70,69,52,74,63,56,84,77,95,92,145,85,92,74,73,72,93,27,30,0,2,7,0,0,97,70,85,-573,-317,-964]} 1. d4 e6 2. c4 Nf6 3. g3 d5 4. Bg2 c6 5. Nf3 Nbd7 6. O-O Be7 7. Qc2 O-O 8. Bf4 Nh5 9. Bc1 Nhf6 10. Nbd2 b6 11. e4 Bb7 12. e5 {12.e5 has lost popularity.} Ne8 13. cxd5 cxd5 14. Re1 {E09: Closed Catalan: Main Line: 7 Qc2 c6 8 Nbd2.} a5 15. Nf1 Rc8 16. Qd1 {White is slightly better.} b5 {[#]} 17. Ne3 $146 ({Predecessor:} 17. h4 Nb6 18. h5 h6 19. N1h2 a4 20. Ng4 Nc4 21. b3 Na3 22. Bf4 Bb4 23. Re2 Bc3 24. Rc1 b4 25. Qd3 {0-1 (42) Samunenkov,I (2209)-Novikov,E (2276) Chess.com INT 2021}) 17... Nc7 18. Bf1 {[%cal Bg2f1,Bf1d3,Bd3b1][%mdl 32]} b4 19. Bd3 Ba6 20. Bb1 f5 21. exf6 Nxf6 22. Ne5 Nce8 {[#]} 23. Ng2 $1 ({Much weaker is} 23. Bd3 Bxd3 24. Nxd3 (24. Qxd3 Bd6 $11) 24... Qb6 $11) 23... Qb6 24. Nf4 Nc7 (24... g5 $2 25. Ng2 $18) (24... Rc7 $142) 25. Nh5 (25. Be3 $142) 25... Nce8 $16 {[%cal Bc7e8,Be8d6,Bd6c4,Bc4b2][%mdl 32]} 26. Bg5 Rc7 27. Nf4 Bc8 (27... h6 $2 28. Bxf6 Rxf6 29. Bg6 $18) 28. Kg2 {White is much more active. Black has bad knights.} (28. Bd3 $16) 28... Nd6 $11 (28... h6 {[#]} 29. h4 $1 $16) 29. f3 Nc4 30. Re2 Bd8 31. h4 a4 (31... Nxe5 $1 $11 {remains equal.} 32. dxe5 Nd7) 32. Bd3 {Strongly threatening Rc1.} ({But not} 32. Qxa4 $6 Qxd4 33. Nxc4 dxc4 $11) 32... a3 $1 33. Kg1 $2 {[%mdl 8192]} (33. bxa3 $16 bxa3 34. Rc1 (34. Rb1 Nb2 $11)) 33... Nxb2 34. Kg2 $2 {[%mdl 32768] Weighted Error Value: White=0.34/Black=0.25 (precise) . An unexpected result.} (34. Qb1) 1/2-1/2

[Event "26th Bosnjaci Open 2022"]
[Site "Bosnjaci"]
[Date "2022.01.08"]
[Round "8.2"]
[White "Vidovic, Sasa"]
[Black "Saric, Ante"]
[Result "0-1"]
[WhiteElo "2206"]
[BlackElo "2530"]
[Annotator "TA"]
[PlyCount "47"]
[EventDate "2022.01.03"]
[EventType "swiss"]
[EventCountry "CRO"]
[SourceTitle "playchess.com"]
[Source "ChessBase"]
[SourceQuality "1"]

{[%evp 17,47,3,0,0,0,0,25,25,37,14,62,60,161,151,213,198,225,237,253,187,177,196,187,194,193,-14,-22,-74,-65,-69,0,-467]} 1. b3 g6 2. Bb2 Nf6 3. e3 Bg7 4. Nf3 {[%cal Bg1f3,Bf3d4,Bd4b5,Bb5c3][%mdl 32]} c5 5. Be2 O-O 6. c4 b6 7. O-O Bb7 8. d4 cxd4 9. Nxd4 d5 10. cxd5 {was the old line (10.Nc3). A30: Symmetrical English: Double Fianchetto and Hedgehog.} Nxd5 11. Nc3 {[#]} e5 $146 ({Predecessor:} 11... Nxc3 12. Bxc3 Nd7 13. Bf3 Qc8 14. Rc1 Nc5 15. Bb4 Rd8 16. Bxc5 bxc5 17. Bxb7 Qxb7 {½-½ (58) Kryakvin,D (2588)-Sjugirov,S (2663) Khanty-Mansiysk 2018}) 12. Ndb5 {aiming for Nxd5. White has an edge.} Nxc3 13. Nxc3 Nd7 ({Resist} 13... Qg5 14. Bf3 Bc6 15. Qe2 $16) (13... Qe7 $11) 14. Ba3 $14 Re8 {[#]} (14... Nc5 $14) 15. Bb5 $1 $18 Qg5 {[#]} (15... Nf6 $16) 16. g3 $1 Nf6 {[%cal Bd7f6,Bf6e4,Be4d2][%mdl 32]} 17. Bxe8 Rxe8 18. e4 {To avoid Qf5} Nxe4 {[#]} 19. Qd7 $1 {[%csl LRb7,LRe8]} Qd8 20. Qxd8 ({But not} 20. Qxb7 $6 Nxc3 21. Bb2 (21. Qxa7 $2 Ne2+ 22. Kg2 Qd5+ 23. f3 e4 $19) 21... Re7 $16) 20... Rxd8 21. Rfd1 $2 Nd2 $1 $11 {[%mdl 1024] Black has compensation.} 22. Rac1 (22. Nb5 $1 $11) 22... Bh6 $17 23. h4 Rd4 {Black is much more active.} ({Black should try} 23... Bf3 $15) 24. Rc2 $2 {[%mdl 8192] Weighted Error Value: White=0.31/Black=0.20 (precise)} (24. Ra1 $1 $11 {and White has nothing to worry.}) 0-1

[Event "26th Bosnjaci Open 2022"]
[Site "Bosnjaci"]
[Date "2022.01.08"]
[Round "8.3"]
[White "Zovko, Mario"]
[Black "Saric, Kristina"]
[Result "1/2-1/2"]
[WhiteElo "2297"]
[BlackElo "2148"]
[Annotator "TA"]
[PlyCount "33"]
[EventDate "2022.01.03"]
[EventType "swiss"]
[EventCountry "CRO"]
[SourceTitle "playchess.com"]
[Source "ChessBase"]
[SourceQuality "1"]

{[%evp 10,33,41,38,81,73,79,70,98,58,59,18,22,29,62,-14,83,0,-20,-17,-18,-41,-37,-59,-51,-59]} 1. e4 c5 2. Nc3 e6 3. Nf3 a6 4. g3 Nc6 5. Bg2 d6 6. O-O g6 {B40: Sicilian: 2...e6, Unusual lines.} (6... Qb6 $14) 7. d4 $16 cxd4 8. Nxd4 Bg7 {White is slightly better.} 9. Be3 Nge7 10. h3 (10. Nxc6 $14 bxc6 11. Qd2) 10... O-O $11 11. Qd2 Qc7 {[#]} 12. Nde2 $146 {White is more active.} ({White should try} 12. Rad1 $14) ({Predecessor:} 12. Rfd1 Rd8 13. a4 b6 14. Nce2 Bb7 15. Bh6 Nxd4 16. Nxd4 Bxh6 17. Qxh6 d5 18. Nf3 {½-½ (39) Majdan,J (2370)-Oglaza,O (2240) Zgierz 2018}) 12... Rd8 {[#]} (12... b5 $11 {keeps the balance.}) 13. Rad1 (13. Na4 $1 $16) 13... b5 14. a3 Bb7 15. Bh6 Bh8 16. Kh2 Ne5 17. Qc1 {Weighted Error Value: White=0.36/Black=0.23 (precise)} 1/2-1/2

[Event "26th Bosnjaci Open 2022"]
[Site "Bosnjaci"]
[Date "2022.01.08"]
[Round "8.4"]
[White "Miletic, Josip"]
[Black "Stocko, Josip"]
[Result "0-1"]
[WhiteElo "2161"]
[BlackElo "2231"]
[Annotator "TA"]
[PlyCount "90"]
[EventDate "2022.01.03"]
[EventType "swiss"]
[EventCountry "CRO"]
[SourceTitle "playchess.com"]
[Source "ChessBase"]
[SourceQuality "1"]

{[%evp 9,90,-54,-39,-76,-66,-79,-45,-43,-27,-23,-18,-52,-27,-104,1,-106,-9,-131,49,-136,-130,-136,-135,-166,-150,-161,-105,-211,-218,-252,-216,-303,-252,-383,-283,-414,-389,-490,-477,-483,-487,-516,-347,-360,-290,-318,-321,-294,-281,-295,-286,-287,-287,-356,-350,-383,-313,-1148,-1120,-1143,-1143,-1113,-1108,-1027,-1014,-1137,-929,-1177,-958,-1511,-1529,-1437,-1358,-1876,-1853,-1918,-1927,-29980,-29981,-29981,-29980,-29987,-937]} 1. g3 e5 2. Bg2 Nc6 3. Nh3 Bc5 {[#]} 4. f3 $146 ({Predecessor:} 4. c4 Nf6 5. Nc3 O-O 6. a3 a5 7. d3 Ne7 8. Bg5 Ng4 9. e3 d6 10. Bxe7 Qxe7 {1-0 (31) Petrak,R (2051)-Lezak,P (1716) Tabor 2013}) 4... d6 5. Nf2 a6 6. d3 {A00: Irregular Openings.} Ba7 {Black is more active.} 7. c3 Nge7 8. Na3 {Black is slightly better.} O-O 9. Nc2 f5 10. e4 d5 {[%cal Bd6d5,Bd5d4][%mdl 32]} 11. Be3 {[#]} (11. O-O $11 {keeps the balance.}) 11... Be6 (11... d4 $1 $17 {[%cal Rd4e3]} 12. Bc1 b5) 12. Qe2 (12. Bxa7 $11 Rxa7 13. O-O) 12... Qd7 (12... d4 $17 13. Bd2 fxe4 14. Nxe4 b5) 13. O-O (13. Bxa7 $11 Rxa7 14. O-O) 13... b5 $2 (13... d4 $17 14. Bc1 fxe4 15. fxe4 Rad8) 14. Rfd1 $2 (14. exf5 $14 Bxf5 15. Bxa7 Rxa7 16. Rfe1) 14... d4 $17 15. Bc1 f4 16. Qf1 g5 {[%cal Bg7g5,Bg5g4][%mdl 32]} 17. c4 h5 ({Black should try} 17... Ng6 $19 18. b3 Bc5) 18. b3 (18. cxb5 $17 {keeps fighting.} axb5 19. Nh3) 18... g4 $19 19. Ba3 Rf7 20. cxb5 (20. Qe2 $142) 20... axb5 21. Bxe7 (21. Qe2 $142) 21... Nxe7 22. Rdc1 (22. gxf4 {is a better defense.} Rxf4 23. fxg4) 22... c5 23. Qd1 Raf8 24. Ne1 Ng6 {...fxg3 is the strong threat.} 25. Rc2 Rf6 26. Rac1 Nh8 27. gxf4 Rxf4 28. fxg4 hxg4 {Strongly threatening ...Qf7.} 29. Nh1 Qf7 {[%cal Of4f1] [#] ( -> ...Rf1+!)} 30. Ng3 {Inhibits Rf1+.} Ng6 31. Qe2 Nh4 32. Bf1 Qh7 33. Rxc5 $2 (33. Kh1) 33... Bxc5 34. Rxc5 Rf2 35. Qxf2 Rxf2 36. Kxf2 Qh6 {[%csl Gd4][%cal Rh6e3]} 37. Ng2 {Prevents Qe3+.} Qf6+ 38. Ke1 Nf3+ 39. Kd1 Qh6 {[%csl Gf3][%cal Rh6d2]} 40. Rc2 {Prevents Qd2+.} Qxh2 41. Nf5 Qg1 42. Ng3 Nh2 43. Ke1 Nxf1 {Black mates.} 44. Nxf1 g3 45. Rc6 Qf2+ {Weighted Error Value: White=1.07/Black=0.42} 0-1